<?xml version="1.0" encoding="UTF-8"?>
<record
    xmlns:xsi="http://www.w3.org/2001/XMLSchema-instance"
    xsi:schemaLocation="http://www.loc.gov/MARC21/slim http://www.loc.gov/standards/marcxml/schema/MARC21slim.xsd"
    xmlns="http://www.loc.gov/MARC21/slim">

  <leader>00991nam0a2200301   4500</leader>
  <controlfield tag="001">RU\NLR\ONL2\10213</controlfield>
  <controlfield tag="005">20250613130837.0</controlfield>
  <datafield tag="010" ind1=" " ind2=" ">
    <subfield code="a">978-5-295-04303-1</subfield>
    <subfield code="9">5000</subfield>
  </datafield>
  <datafield tag="035" ind1=" " ind2=" ">
    <subfield code="a">(NLR Aleph) 009657802</subfield>
  </datafield>
  <datafield tag="090" ind1=" " ind2=" ">
    <subfield code="a">9598663</subfield>
    <subfield code="c">9598663</subfield>
  </datafield>
  <datafield tag="100" ind1=" " ind2=" ">
    <subfield code="a">20080708d2008    |||y0rusy50      ca</subfield>
  </datafield>
  <datafield tag="101" ind1="0" ind2=" ">
    <subfield code="a">bak</subfield>
    <subfield code="a">tat</subfield>
  </datafield>
  <datafield tag="102" ind1=" " ind2=" ">
    <subfield code="a">RU</subfield>
  </datafield>
  <datafield tag="105" ind1=" " ind2=" ">
    <subfield code="a">y |||||||||</subfield>
  </datafield>
  <datafield tag="200" ind1="1" ind2=" ">
    <subfield code="a">&#x419;&#x44B;&#x440;&#x43B;&#x430;&#x439;&#x44B;k, &#x434;&#x443;&#xE7;&#x442;&#x430;&#x440;!</subfield>
    <subfield code="f">[&#x442;&#x4E9;&#x437;.: &#x413;. &#x424;&#x430;&#x437;&#x43B;&#x438;&#x44D;&#x445;&#x43C;&#x44D;&#x442;&#x43E;&#x432;&#x430;, &#x422;. &#x412;&#x44D;&#x43B;&#x438;&#x435;&#x432;&#x430;]</subfield>
  </datafield>
  <datafield tag="210" ind1=" " ind2=" ">
    <subfield code="a">&#x4E8;&#x444;&#x4E9;</subfield>
    <subfield code="c">&#x41A;&#x438;&#x442;&#x430;&#x43F;</subfield>
    <subfield code="d">2008</subfield>
  </datafield>
  <datafield tag="215" ind1=" " ind2=" ">
    <subfield code="a">470,[1] &#x431;.</subfield>
    <subfield code="d">17</subfield>
  </datafield>
  <datafield tag="541" ind1="1" ind2=" ">
    <subfield code="a">&#x421;&#x43F;&#x43E;&#x435;&#x43C;&#x442;&#x435;, &#x434;&#x440;&#x443;&#x437;&#x44C;&#x44F;!</subfield>
    <subfield code="e">&#x441;&#x431;. &#x43F;&#x43E;&#x43F;&#x443;&#x43B;. &#x43F;&#x435;&#x441;&#x435;&#x43D;. &#x442;&#x435;&#x43A;&#x441;&#x442;&#x43E;&#x432;: &#x43D;&#x430; &#x431;&#x430;&#x448;&#x43A;. &#x438; &#x442;&#x430;&#x442;&#x430;&#x440;. &#x44F;&#x437;.</subfield>
    <subfield code="z">rus</subfield>
  </datafield>
  <datafield tag="686" ind1="1" ind2=" ">
    <subfield code="a">&#x428;6(2=&#x411;&#x430;&#x448;)7-53</subfield>
  </datafield>
  <datafield tag="686" ind1="1" ind2=" ">
    <subfield code="a">&#x428;6(2=&#x422;&#x430;&#x442;)7-53</subfield>
  </datafield>
  <datafield tag="702" ind1=" " ind2="1">
    <subfield code="a">&#x424;&#x430;&#x437;&#x43B;&#x438;&#x44D;&#x445;&#x43C;&#x44D;&#x442;&#x43E;&#x432;&#x430;</subfield>
    <subfield code="b">&#x413;.</subfield>
    <subfield code="g">&#x413;&#x4E9;&#x43B;&#x43D;&#x430;&#x437;</subfield>
    <subfield code="4">220</subfield>
  </datafield>
  <datafield tag="801" ind1=" " ind2="0">
    <subfield code="a">RU</subfield>
    <subfield code="b">NLR</subfield>
    <subfield code="c">20080708</subfield>
    <subfield code="g">PSBO</subfield>
  </datafield>
  <datafield tag="852" ind1=" " ind2=" ">
    <subfield code="a">NLR</subfield>
    <subfield code="b">&#x41E;&#x41D;&#x41B;</subfield>
    <subfield code="j">&#x411;&#x430;&#x448;&#x43A;./2-4568</subfield>
  </datafield>
  <datafield tag="942" ind1=" " ind2=" ">
    <subfield code="c">BOOK</subfield>
  </datafield>
  <datafield tag="980" ind1=" " ind2=" ">
    <subfield code="a">NB</subfield>
  </datafield>
  <datafield tag="980" ind1=" " ind2=" ">
    <subfield code="a">ONL_RF</subfield>
  </datafield>
  <datafield tag="995" ind1=" " ind2=" ">
    <subfield code="5">2013-10-26</subfield>
    <subfield code="b">NLR01</subfield>
    <subfield code="c">NLR01</subfield>
    <subfield code="e">ONL</subfield>
    <subfield code="f">9657802-10</subfield>
    <subfield code="k">&#x411;&#x430;&#x448;&#x43A;./2-4568</subfield>
    <subfield code="o">0</subfield>
    <subfield code="r">BOOK</subfield>
    <subfield code="s">24568_</subfield>
  </datafield>
</record>
